Giáo trình tổ chức thương mại thế giới (WTO - OMC) /
Tallennettuna:
| Päätekijä: | |
|---|---|
| Aineistotyyppi: | Sách giấy |
| Kieli: | Vietnamese |
| Julkaistu: |
H. :
Chính trị Quốc gia,
2008.
|
| Aiheet: | |
| Tagit: |
Lisää tagi
Ei tageja, Lisää ensimmäinen tagi!
|
| Thư viện lưu trữ: | Thư viện Trường Đại học Đà Lạt |
|---|
| LEADER | 00755nam a2200289 4500 | ||
|---|---|---|---|
| 001 | DLU090074670 | ||
| 005 | ##20090603 | ||
| 040 | # | # | |a DLU |b vie |
| 041 | # | # | |a vie |
| 044 | # | # | |a vn |
| 082 | # | # | |a 382.92 |b NG-T |
| 100 | # | # | |a Nguyễn Anh Tuấn, |c PGS.TS. |
| 245 | # | # | |a Giáo trình tổ chức thương mại thế giới (WTO - OMC) / |c Nguyễn Anh Tuấn. |
| 260 | # | # | |a H. : |b Chính trị Quốc gia, |c 2008. |
| 300 | # | # | |a 210 tr. ; |c 22 cm. |
| 610 | # | # | |a Tổ chức thương mại thế giới |v Giáo trình. |
| 923 | # | # | |a 04/2009 |
| 991 | # | # | |a GT |
| 992 | # | # | |a 30000 |
| 994 | # | # | |a DLU |
| 900 | # | # | |a True |
| 911 | # | # | |a Đào Thị Thu Huyền |
| 925 | # | # | |a G |
| 926 | # | # | |a A |
| 927 | # | # | |a SH |
| 980 | # | # | |a Thư viện Trường Đại học Đà Lạt |